[Event "DVM U20 2009"]
[Site "Chemnitz GER"]
[Date "2009.12.29"]
[Round "6"]
[White "Huschenbeth, Niclas"]
[Black "Seyb, Alexander"]
[Result "1/2-1/2"]
[Termination "normal"]
[Board "1.1"]
[WhiteTitle "IM"]
[WhiteElo "2411"]
[BlackElo "2265"]
[WhiteTeam "Hamburger SK von 1830 eV"]
[BlackTeam "FSV Großenseebach"]
[PlyCount "120"]
[WhiteFideId "24604747"]
[BlackFideId "4699033"]
[EventCountry "GER"]
[EventRounds "7"]
[EventType "team-swiss"]
[EventDate "2009.12.26"]

1. e4 e5 2. Nf3 d6 3. d4 Nf6 4. dxe5 Nxe4 5. Qd5 Nc5 6. Bg5 Be6 7. Bxd8 Bxd5 8.
Bxc7 Bxf3 9. gxf3 dxe5 10. Bxe5 Nc6 11. Bb5 O-O-O 12. Bxc6 bxc6 13. O-O f6 14.
Bf4 Ne6 15. Be3 Nd4 16. Bxd4 Rxd4 17. Nc3 Rc4 18. Rfe1 Bb4 19. Re4 Rxe4 20.
Nxe4 f5 21. Ng3 g6 22. Rd1 Kc7 23. Kf1 Bd6 24. b3 a5 25. Rd4 Be5 26. Ra4 Kb6
27. h3 Rd8 28. Ke2 Rd4 29. Rxd4 Bxd4 30. Nf1 a4 31. Ne3 axb3 32. cxb3 Kc5 33.
Nc2 Bf6 34. a4 Bh4 35. Ke3 Bf6 36. Ke2 Bh4 37. Ke3 Bf6 38. Kd3 Bh4 39. b4+ Kb6
40. Ke3 Be7 41. Kd4 c5+ 42. Kc4 cxb4 43. Nxb4 Bh4 44. Nd3 g5 45. Kd5 h5 46. Ke5
g4 47. hxg4 hxg4 48. f4 Ka5 49. Kxf5 g3 50. fxg3 Bxg3 51. Nb2 Be1 52. Ke6 Bc3
53. Nc4+ Kxa4 54. Ne5 Bd2 55. f5 Bg5 56. Nf3 Bd8 57. Nd4 Bh4 58. Kf7 Ka3 59.
Kg6 Kb2 60. Ne6 Be7 1/2-1/2

[Event "DVM U20 2009"]
[Site "Chemnitz GER"]
[Date "2009.12.29"]
[Round "6"]
[White "Schneider, David"]
[Black "Carlstedt, Jonathan"]
[Result "1/2-1/2"]
[Termination "normal"]
[Board "1.2"]
[WhiteElo "2273"]
[BlackElo "2339"]
[WhiteTeam "FSV Großenseebach"]
[BlackTeam "Hamburger SK von 1830 eV"]
[PlyCount "95"]
[WhiteFideId "4697111"]
[BlackFideId "24614386"]
[EventCountry "GER"]
[EventRounds "7"]
[EventType "team-swiss"]
[EventDate "2009.12.26"]

1. Nf3 d5 2. b3 c5 3. Bb2 Nf6 4. e3 e6 5. Be2 Bd6 6. O-O O-O 7. d4 Nc6 8. c4
cxd4 9. cxd5 Nxd5 10. Nxd4 e5 11. Nxc6 bxc6 12. Nc3 Qa5 13. Ne4 Be7 14. Qc1 Qb4
15. Qxc6 Be6 16. Nc3 Rfd8 17. Nxd5 Bxd5 18. Qc3 Qh4 19. Rac1 Qg5 20. f3 Bf6 21.
e4 Be6 22. Rfd1 Rac8 23. Qe1 Be7 24. Kh1 Qe3 25. Rxc8 Rxc8 26. Ba6 Qxe1+ 27.
Rxe1 Rc2 28. Re2 Rc5 29. Bd3 Ra5 30. Bc3 Rc5 31. Rc2 f6 32. Bd2 Kf7 33. Kg1 Ke8
34. Kf1 Kd7 35. Ke2 Rxc2 36. Bxc2 Kc6 37. Bd3 Ba3 38. Ba5 Kc5 39. Bc3 Bc8 40.
Bc4 Bb7 41. Kd3 a6 42. Bd2 Bc8 43. Be3+ Kc6 44. Bd2 Kc5 45. Ba5 Bb4 46. Bd8 Kc6
47. Kc2 Kd7 48. Bb6 1/2-1/2

[Event "DVM U20 2009"]
[Site "Chemnitz GER"]
[Date "2009.12.29"]
[Round "6"]
[White "Bracker, Frank"]
[Black "Linsenmeyer, Mario"]
[Result "1/2-1/2"]
[Termination "normal"]
[Board "1.3"]
[WhiteElo "2270"]
[BlackElo "2097"]
[WhiteTeam "Hamburger SK von 1830 eV"]
[BlackTeam "FSV Großenseebach"]
[PlyCount "68"]
[WhiteFideId "24614343"]
[BlackFideId "24635138"]
[EventCountry "GER"]
[EventRounds "7"]
[EventType "team-swiss"]
[EventDate "2009.12.26"]

1. e4 e5 2. Nf3 Nc6 3. Bb5 f5 4. Nc3 fxe4 5. Nxe4 d5 6. Nxe5 dxe4 7. Nxc6 Qd5
8. c4 Qd6 9. Nxa7+ Bd7 10. Bxd7+ Qxd7 11. Qh5+ g6 12. Qe5+ Kf7 13. Nb5 c6 14.
Qd4 Qe7 15. Qxh8 Nf6 16. b3 Rd8 17. Bb2 Bg7 18. Qxd8 Qxd8 19. Nc3 Ng4 20. O-O-O
Ne5 21. Kb1 Nd3 22. a3 b5 23. cxb5 cxb5 24. b4 Qd4 25. Ka1 Qc4 26. Rhf1 Qb3 27.
Rb1 Kg8 28. Bc1 Bxc3+ 29. dxc3 Qxc3+ 30. Bb2 Nxb2 31. Rxb2 Qxa3+ 32. Ra2 Qc3+
33. Rb2 Qa3+ 34. Ra2 Qc3+ 1/2-1/2

[Event "DVM U20 2009"]
[Site "Chemnitz GER"]
[Date "2009.12.29"]
[Round "6"]
[White "Quaschner, Tobias"]
[Black "Colpe, Malte"]
[Result "1/2-1/2"]
[Termination "normal"]
[Board "1.4"]
[WhiteElo "1962"]
[BlackElo "2160"]
[WhiteTeam "FSV Großenseebach"]
[BlackTeam "Hamburger SK von 1830 eV"]
[PlyCount "125"]
[WhiteFideId "24646989"]
[BlackFideId "24623075"]
[EventCountry "GER"]
[EventRounds "7"]
[EventType "team-swiss"]
[EventDate "2009.12.26"]

1. e4 c5 2. d3 Nc6 3. g3 d5 4. Bg2 Nf6 5. exd5 Nxd5 6. Nc3 Nxc3 7. bxc3 g6 8.
Ne2 Bg7 9. h3 O-O 10. O-O Qd6 11. Bf4 e5 12. Be3 Be6 13. Qd2 Bd5 14. Bh6 Bxg2
15. Kxg2 Rad8 16. Bxg7 Kxg7 17. c4 e4 18. Qc3+ Qe5 19. dxe4 Qxc3 20. Nxc3 Rd4
21. Nd5 Rxc4 22. Ne3 Rxe4 23. Rfd1 Rfe8 24. Rd7 R8e7 25. Rad1 b6 26. c3 Rxd7
27. Rxd7 Ra4 28. Rd2 Ra3 29. Rc2 b5 30. g4 a5 31. g5 h6 32. h4 Ra4 33. Kg3 Ne5
34. f4 Nd3 35. Nd5 Re4 36. Kf3 Rxf4+ 37. Nxf4 Ne1+ 38. Ke4 Nxc2 39. Kd5 c4 40.
Kc5 Na3 41. Nd5 hxg5 42. hxg5 Kf8 43. Kd6 Ke8 44. Nf6+ Kd8 45. Nd5 b4 46. cxb4
axb4 47. Nxb4 c3 48. Nd3 c2 49. Kc5 Nb1 50. Kb4 Nd2 51. Kc3 c1=Q+ 52. Nxc1 Ne4+
53. Kd4 Nxg5 54. a4 f6 55. Nd3 Ne6+ 56. Kd5 Kd7 57. a5 Nc7+ 58. Ke4 Kc6 59. Nf4
g5 60. Nh5 Ne8 61. Kf5 Kb5 62. Nxf6 Nxf6 63. Kxg5 1/2-1/2

[Event "DVM U20 2009"]
[Site "Chemnitz GER"]
[Date "2009.12.29"]
[Round "6"]
[White "Kirch, Florian"]
[Black "Dalakian, Haroutioun"]
[Result "1/2-1/2"]
[Termination "normal"]
[Board "1.6"]
[WhiteElo "1989"]
[BlackElo "2145"]
[WhiteTeam "FSV Großenseebach"]
[BlackTeam "Hamburger SK von 1830 eV"]
[PlyCount "61"]
[WhiteFideId "24605794"]
[BlackFideId "24632058"]
[EventCountry "GER"]
[EventRounds "7"]
[EventType "team-swiss"]
[EventDate "2009.12.26"]

1. d4 Nf6 2. c4 e6 3. Nf3 Bb4+ 4. Bd2 Qe7 5. g3 Nc6 6. Bg2 Bxd2+ 7. Nbxd2 d6 8.
e4 e5 9. d5 Nb8 10. O-O O-O 11. Ne1 Na6 12. Nd3 Bg4 13. f3 Bd7 14. f4 c6 15.
Qb3 Rab8 16. Qa3 cxd5 17. fxe5 Nxe4 18. exd6 Qxd6 19. Qxd6 Nxd6 20. Ne5 Bc6 21.
cxd5 Bb5 22. Rf4 Rfe8 23. Ndc4 Bxc4 24. Nxc4 Rbd8 25. Rc1 Nxc4 26. Rfxc4 Kf8
27. Kf2 Ke7 28. b4 Kd6 29. b5 Nb8 30. Rc7 Rd7 31. Rc8 1/2-1/2

[Event "DVM U20 2009"]
[Site "Chemnitz GER"]
[Date "2009.12.29"]
[Round "6"]
[White "Billing, Christian"]
[Black "Kotainy, Jens"]
[Result "1/2-1/2"]
[Termination "normal"]
[Board "2.1"]
[WhiteElo "2226"]
[BlackElo "2243"]
[WhiteTeam "SC Dillingen"]
[BlackTeam "Schachgesellschaft Bochum 1931"]
[PlyCount "80"]
[WhiteFideId "4697294"]
[BlackFideId "24670499"]
[EventCountry "GER"]
[EventRounds "7"]
[EventType "team-swiss"]
[EventDate "2009.12.26"]

1. Nf3 e6 2. g3 f5 3. Bg2 Nf6 4. d4 d5 5. O-O Bd6 6. c4 c6 7. Bf4 Bxf4 8. gxf4
O-O 9. Nbd2 b6 10. Ne5 Bb7 11. Rc1 dxc4 12. Ndxc4 Nd5 13. e3 Qe7 14. a3 Nd7 15.
Nxd7 Qxd7 16. Ne5 Qd6 17. Qh5 Rac8 18. Kh1 c5 19. dxc5 Rxc5 20. Rxc5 Qxc5 21.
Rg1 Nf6 22. Qg5 Bxg2+ 23. Qxg2 Qc7 24. Nc6 Qb7 25. Nd4 Qxg2+ 26. Kxg2 Re8 27.
Rc1 Nd5 28. Rc6 Kf7 29. Nb5 Re7 30. Kf3 Rd7 31. Nd4 Re7 32. Rd6 Nf6 33. Nc6 Rc7
34. Ne5+ Ke7 35. Rc6 Rb7 36. b4 Nd7 37. a4 Nxe5+ 38. fxe5 Kd7 39. b5 Rc7 40.
Rxc7+ Kxc7 1/2-1/2

[Event "DVM U20 2009"]
[Site "Chemnitz GER"]
[Date "2009.12.29"]
[Round "6"]
[White "Werthebach, Felix"]
[Black "Nuber, Blasius"]
[Result "1/2-1/2"]
[Termination "normal"]
[Board "2.2"]
[WhiteElo "2167"]
[BlackElo "2177"]
[WhiteTeam "Schachgesellschaft Bochum 1931"]
[BlackTeam "SC Dillingen"]
[PlyCount "73"]
[WhiteFideId "24609684"]
[BlackFideId "24620289"]
[EventCountry "GER"]
[EventRounds "7"]
[EventType "team-swiss"]
[EventDate "2009.12.26"]

1. c4 c6 2. g3 d5 3. Bg2 Nf6 4. Nf3 Nbd7 5. d4 e6 6. O-O Bd6 7. Qc2 O-O 8. Bf4
Qc7 9. Bxd6 Qxd6 10. Nbd2 b6 11. e4 Nxe4 12. Nxe4 dxe4 13. Qxe4 Ba6 14. b3 Nf6
15. Qe3 Nd7 16. Rad1 Rad8 17. Ne5 Nxe5 18. Qxe5 Qxe5 19. dxe5 c5 20. a4 f6 21.
exf6 gxf6 22. f4 Kf7 23. Kf2 Ke7 24. Ke3 Bc8 25. Be4 h6 26. Bc2 Bd7 27. Be4 Be8
28. Rxd8 Kxd8 29. Rd1+ Ke7 30. a5 f5 31. Bf3 bxa5 32. Ra1 a4 33. bxa4 a5 34.
Rb1 Bxa4 35. Ra1 Bb3 36. Rxa5 Bxc4 37. Rxc5 1/2-1/2

[Event "DVM U20 2009"]
[Site "Chemnitz GER"]
[Date "2009.12.29"]
[Round "6"]
[White "Giss, Arthur"]
[Black "Mazarov, Jürgen"]
[Result "1-0"]
[Termination "normal"]
[Board "2.3"]
[WhiteElo "2027"]
[BlackElo "2185"]
[WhiteTeam "SC Dillingen"]
[BlackTeam "Schachgesellschaft Bochum 1931"]
[PlyCount "32"]
[WhiteFideId "24667560"]
[BlackFideId "24617768"]
[EventCountry "GER"]
[EventRounds "7"]
[EventType "team-swiss"]
[EventDate "2009.12.26"]

1. e4 c5 2. Nc3 a6 3. a4 e6 4. Bc4 b6 5. Nf3 d6 6. d4 cxd4 7. Nxd4 Nf6 8. O-O
Qc7 9. Bb3 Be7 10. Qf3 Qb7 11. Qg3 O-O 12. Bh6 Ne8 13. Be3 Bd7 14. f4 Nc6 15.
f5 Nxd4 16. Bxd4 e5 1-0

[Event "DVM U20 2009"]
[Site "Chemnitz GER"]
[Date "2009.12.29"]
[Round "6"]
[White "Hobusch, Alexander"]
[Black "Darr, Thomas"]
[Result "1/2-1/2"]
[Termination "normal"]
[Board "2.4"]
[WhiteElo "2128"]
[BlackElo "1987"]
[WhiteTeam "Schachgesellschaft Bochum 1931"]
[BlackTeam "SC Dillingen"]
[PlyCount "89"]
[WhiteFideId "24611387"]
[BlackFideId "24647403"]
[EventCountry "GER"]
[EventRounds "7"]
[EventType "team-swiss"]
[EventDate "2009.12.26"]

1. d4 g6 2. c4 Bg7 3. e4 d6 4. Nf3 e5 5. d5 Ne7 6. Nc3 f5 7. Bd3 O-O 8. Qc2 Na6
9. a3 Nc5 10. b4 fxe4 11. Nxe4 Nxe4 12. Bxe4 Nf5 13. O-O Bd7 14. Bd2 Qe7 15.
Rac1 Rac8 16. c5 c6 17. Qb3 Kh8 18. Bg5 Bf6 19. dxc6 Bxc6 20. cxd6 Qxd6 21.
Bxc6 Rxc6 22. Bxf6+ Qxf6 23. Rxc6 bxc6 24. Qb2 Nd4 25. Nxd4 exd4 26. Rd1 Rd8
27. f3 Kg7 28. Qe2 Rd5 29. Qe4 Kf7 30. Kf2 Qd6 31. Qh4 Kg7 32. Qg3 Qe7 33. Rd3
Qf7 34. Qg4 Qf6 35. Qe4 Qd6 36. h3 a5 37. Qe1 axb4 38. axb4 Rb5 39. Rb3 Qf6 40.
Qe4 c5 41. Qd5 Rxb4 42. Rxb4 cxb4 43. Qb7+ Kh6 44. Qxb4 Qf4 45. Qe7 1/2-1/2

[Event "DVM U20 2009"]
[Site "Chemnitz GER"]
[Date "2009.12.29"]
[Round "6"]
[White "Nuber, Helene"]
[Black "Tkachuk, Konstantyn"]
[Result "0-1"]
[Termination "normal"]
[Board "2.5"]
[WhiteElo "2073"]
[BlackElo "2156"]
[WhiteTeam "SC Dillingen"]
[BlackTeam "Schachgesellschaft Bochum 1931"]
[PlyCount "74"]
[WhiteFideId "24613045"]
[BlackFideId "24647330"]
[EventCountry "GER"]
[EventRounds "7"]
[EventType "team-swiss"]
[EventDate "2009.12.26"]

1. e4 c5 2. d3 Nc6 3. Nc3 g6 4. Be3 d6 5. d4 cxd4 6. Bxd4 Nxd4 7. Qxd4 Nf6 8.
e5 dxe5 9. Bb5+ Bd7 10. Qxe5 a6 11. Bxd7+ Qxd7 12. Rd1 Qf5 13. Qxf5 gxf5 14.
Nce2 e6 15. Nf3 Bc5 16. O-O Ke7 17. Rd3 Rhd8 18. Rfd1 Ne4 19. Nfd4 Kf6 20. Kf1
e5 21. Nb3 Rxd3 22. Rxd3 Bxf2 23. Rd7 b5 24. Nd2 Nxd2+ 25. Kxf2 Ne4+ 26. Ke3
Rc8 27. c3 Rc6 28. g4 Nc5 29. Rd8 fxg4 30. Ng3 Ke7 31. Rh8 Rf6 32. Rxh7 Rf3+
33. Ke2 Nd3 34. Rg7 Nf4+ 35. Kd2 Ng6 36. Ke2 Kf8 37. Nh5 Rh3 0-1

[Event "DVM U20 2009"]
[Site "Chemnitz GER"]
[Date "2009.12.29"]
[Round "6"]
[White "Kelbling, Philipp"]
[Black "Grünke, Paul"]
[Result "1-0"]
[Termination "normal"]
[Board "2.6"]
[WhiteElo "2116"]
[BlackElo "2107"]
[WhiteTeam "Schachgesellschaft Bochum 1931"]
[BlackTeam "SC Dillingen"]
[PlyCount "49"]
[WhiteFideId "24669750"]
[BlackFideId "24647802"]
[EventCountry "GER"]
[EventRounds "7"]
[EventType "team-swiss"]
[EventDate "2009.12.26"]

1. e4 c5 2. Nf3 d6 3. d4 cxd4 4. Nxd4 Nf6 5. Nc3 a6 6. Bg5 e6 7. f4 Be7 8. Qf3
h6 9. Bh4 g5 10. fxg5 Nfd7 11. Nxe6 fxe6 12. Qh5+ Kf8 13. Bb5 Rh7 14. O-O+ Kg8
15. g6 Rg7 16. Rf7 Bxh4 17. Qxh6 Rxf7 18. gxf7+ Kxf7 19. Rf1+ Bf6 20. e5 Qf8
21. Qh5+ Ke7 22. Bxd7 Bxd7 23. Rxf6 Qg7 24. Qh4 Ke8 25. Ne4 1-0

[Event "DVM U20 2009"]
[Site "Chemnitz GER"]
[Date "2009.12.29"]
[Round "6"]
[White "Högy, Kevin"]
[Black "Zelbel, Patrick"]
[Result "0-1"]
[Termination "normal"]
[Board "3.1"]
[BlackTitle "FM"]
[WhiteElo "2145"]
[BlackElo "2346"]
[WhiteTeam "Sfr.Neuberg"]
[BlackTeam "Schachfreunde Brackel 1930 e.V."]
[PlyCount "96"]
[WhiteFideId "24647098"]
[BlackFideId "24624322"]
[EventCountry "GER"]
[EventRounds "7"]
[EventType "team-swiss"]
[EventDate "2009.12.26"]

1. Nf3 Nf6 2. c4 g6 3. b3 Bg7 4. Bb2 O-O 5. g3 d6 6. Bg2 e5 7. O-O c6 8. Nc3
Re8 9. e4 c5 10. Ne1 Nc6 11. Nc2 Nd4 12. Ne3 Be6 13. Ned5 Nxd5 14. Nxd5 Bxd5
15. cxd5 Nb5 16. Re1 Qd7 17. a4 Nc7 18. Bf1 Rf8 19. Bd3 f5 20. f3 f4 21. Kg2 h5
22. Be2 Qe7 23. Rf1 Qg5 24. g4 hxg4 25. fxg4 Bf6 26. Rh1 Qh6 27. Bf3 Bh4 28.
Qe2 Ne8 29. Bc3 a5 30. d3 Nf6 31. Be1 Kg7 32. Bxh4 Qxh4 33. Qe1 Rh8 34. Qxh4
Rxh4 35. h3 Nh7 36. Rh2 Ng5 37. Rah1 Rah8 38. Kf2 Rxh3 39. Rxh3 Rxh3 40. Rxh3
Nxh3+ 41. Kg2 Ng5 42. Be2 Kf6 43. Bd1 Nf7 44. Kh3 Kg5 45. Bf3 Nh6 46. Bd1 f3
47. Bxf3 Kf4 48. Bd1 g5 0-1

[Event "DVM U20 2009"]
[Site "Chemnitz GER"]
[Date "2009.12.29"]
[Round "6"]
[White "Strathoff, Jens"]
[Black "Knickel, Aaron"]
[Result "1/2-1/2"]
[Termination "normal"]
[Board "3.2"]
[WhiteElo "2075"]
[BlackElo "2111"]
[WhiteTeam "Schachfreunde Brackel 1930 e.V."]
[BlackTeam "Sfr.Neuberg"]
[PlyCount "70"]
[WhiteFideId "4699084"]
[BlackFideId "24605298"]
[EventCountry "GER"]
[EventRounds "7"]
[EventType "team-swiss"]
[EventDate "2009.12.26"]

1. e4 g6 2. d4 Bg7 3. Nc3 d6 4. Be3 a6 5. f4 b5 6. Nf3 Nd7 7. Bd3 c5 8. dxc5
Nxc5 9. Bxc5 Bxc3+ 10. bxc3 dxc5 11. e5 Rb8 12. Qe2 Qa5 13. O-O Qxc3 14. Be4
Nh6 15. Bc6+ Kf8 16. a4 bxa4 17. Rxa4 Rb4 18. h3 Nf5 19. Qf2 Kg7 20. g4 Nd4 21.
Nxd4 Rxd4 22. Rxd4 Qxd4 23. Qxd4 cxd4 24. Rf3 h5 25. Rg3 hxg4 26. hxg4 Be6 27.
Bb7 Bc4 28. Ra3 Rb8 29. Be4 Rc8 30. Ra4 Be2 31. g5 Rc4 32. Rxa6 Rxc2 33. Bxc2
Bxa6 34. Kf2 Bc8 35. Ke2 Ba6+ 1/2-1/2

[Event "DVM U20 2009"]
[Site "Chemnitz GER"]
[Date "2009.12.29"]
[Round "6"]
[White "Seifert, Christopher"]
[Black "Kartsev, Alexandr"]
[Result "1-0"]
[Termination "normal"]
[Board "3.3"]
[WhiteElo "2109"]
[BlackElo "2056"]
[WhiteTeam "Sfr.Neuberg"]
[BlackTeam "Schachfreunde Brackel 1930 e.V."]
[PlyCount "97"]
[WhiteFideId "24615293"]
[BlackFideId "24647110"]
[EventCountry "GER"]
[EventRounds "7"]
[EventType "team-swiss"]
[EventDate "2009.12.26"]

1. c4 f5 2. d4 Nf6 3. Nc3 d6 4. Bg5 Nbd7 5. Qc2 g6 6. Nf3 Bg7 7. e3 O-O 8. Be2
c6 9. d5 h6 10. Bxf6 Bxf6 11. O-O Nc5 12. Rac1 a5 13. Rfd1 Qc7 14. b3 e5 15. e4
f4 16. a3 Na6 17. dxc6 bxc6 18. Qd2 Be7 19. Nb5 Qb8 20. Nxd6 Rd8 21. Nxe5 Rxd6
22. Qxf4 Rf6 23. Qg3 Bd6 24. f4 Qa7+ 25. Kh1 Qg7 26. c5 Nxc5 27. Rxd6 Rxd6 28.
Rxc5 Ba6 29. Bf3 Rad8 30. h3 Kh7 31. Rxa5 Qa7 32. Kh2 Qb6 33. b4 Rg8 34. Qh4
Rg7 35. Ng4 Bc8 36. Nxh6 g5 37. fxg5 Qc7 38. e5 Rdg6 39. Ng4+ Kg8 40. Nf6+ Kf7
41. Qh8 Bd7 42. Bh5 Ke6 43. Bg4+ Ke7 44. Bxd7 Qxd7 45. Ra7 Ke6 46. Nxd7 Rxg5
47. Nc5+ Kf5 48. Rxg7 Rg4 49. hxg4+ 1-0

[Event "DVM U20 2009"]
[Site "Chemnitz GER"]
[Date "2009.12.29"]
[Round "6"]
[White "Strathoff, Martin"]
[Black "Hummel, Dennis"]
[Result "1-0"]
[Termination "normal"]
[Board "3.4"]
[WhiteElo "2047"]
[BlackElo "2031"]
[WhiteTeam "Schachfreunde Brackel 1930 e.V."]
[BlackTeam "Sfr.Neuberg"]
[PlyCount "47"]
[WhiteFideId "24609560"]
[BlackFideId "4638336"]
[EventCountry "GER"]
[EventRounds "7"]
[EventType "team-swiss"]
[EventDate "2009.12.26"]

1. d4 Nf6 2. c4 e6 3. Nc3 Bb4 4. Bg5 b6 5. e4 d6 6. Qa4+ Nc6 7. Qxc6+ Bd7 8.
Qb7 Rb8 9. Qa6 h6 10. Bxf6 Qxf6 11. Nf3 g5 12. e5 Qf5 13. O-O-O g4 14. Nd2 dxe5
15. dxe5 Qxe5 16. Kc2 Bxc3 17. bxc3 Qf5+ 18. Bd3 Qxf2 19. Rhe1 Qxg2 20. Re2 Qc6
21. Rg1 h5 22. Ne4 e5 23. Qb5 f5 24. Qxe5+ 1-0

[Event "DVM U20 2009"]
[Site "Chemnitz GER"]
[Date "2009.12.29"]
[Round "6"]
[White "Iwanziw, Niklas"]
[Black "Zemella, Christian"]
[Result "1/2-1/2"]
[Termination "normal"]
[Board "3.5"]
[WhiteElo "1902"]
[BlackElo "2081"]
[WhiteTeam "Sfr.Neuberg"]
[BlackTeam "Schachfreunde Brackel 1930 e.V."]
[PlyCount "77"]
[WhiteFideId "24647101"]
[BlackFideId "24620580"]
[EventCountry "GER"]
[EventRounds "7"]
[EventType "team-swiss"]
[EventDate "2009.12.26"]

1. d4 Nf6 2. c4 c5 3. d5 e6 4. Nc3 exd5 5. cxd5 d6 6. e4 g6 7. f4 Bg7 8. Bb5+
Nfd7 9. a4 O-O 10. Nf3 a6 11. Bd3 Qc7 12. O-O c4 13. Bc2 Nc5 14. Be3 Nbd7 15.
Re1 Rb8 16. Bd4 f6 17. b4 cxb3 18. Bxb3 Nxb3 19. Qxb3 Nc5 20. Qc4 Bd7 21. Bxc5
Rfc8 22. a5 Qxc5+ 23. Qxc5 Rxc5 24. Na4 Rxa5 25. Nb6 Rxa1 26. Rxa1 Bg4 27. h3
Bxf3 28. gxf3 f5 29. Ra4 fxe4 30. Rxe4 Kf7 31. Kf2 Re8 32. Ke3 Rxe4+ 33. fxe4
Ke7 34. Kd3 Kd8 35. Ke3 Kc7 36. Na8+ Kd8 37. Nb6 h5 38. Nc4 Ke7 39. Na5 1/2-1/2

[Event "DVM U20 2009"]
[Site "Chemnitz GER"]
[Date "2009.12.29"]
[Round "6"]
[White "Haidar, Marcel"]
[Black "Bluhm, Achim"]
[Result "1-0"]
[Termination "normal"]
[Board "3.6"]
[WhiteElo "1828"]
[BlackElo "1958"]
[WhiteTeam "Schachfreunde Brackel 1930 e.V."]
[BlackTeam "Sfr.Neuberg"]
[PlyCount "79"]
[BlackFideId "1270565"]
[EventCountry "GER"]
[EventRounds "7"]
[EventType "team-swiss"]
[EventDate "2009.12.26"]

1. e4 c5 2. c3 d5 3. exd5 Qxd5 4. d4 Nf6 5. Nf3 Bg4 6. Be2 e6 7. O-O Nc6 8. Be3
cxd4 9. cxd4 Qa5 10. Nc3 Rd8 11. Qb3 Qc7 12. Rfd1 Nd5 13. Bg5 f6 14. Nxd5 exd5
15. Bh4 Bd6 16. Bg3 Bxg3 17. hxg3 O-O 18. Rac1 Qf7 19. Bb5 Rc8 20. Bxc6 Rxc6
21. Rxc6 bxc6 22. Rc1 Bxf3 23. gxf3 Re8 24. Qa4 Qb7 25. Rxc6 h6 26. Qc2 Re1+
27. Kh2 Qb5 28. Rc8+ Re8 29. Rxe8+ Qxe8 30. Qc5 Qd7 31. b4 Kf7 32. b5 Ke6 33.
a4 Qb7 34. f4 g5 35. a5 gxf4 36. gxf4 Kf5 37. b6 axb6 38. axb6 Qf7 39. Kg2 Kxf4
40. Qc7+ 1-0

[Event "DVM U20 2009"]
[Site "Chemnitz GER"]
[Date "2009.12.29"]
[Round "6"]
[White "Döring, Andreas"]
[Black "Fox, Daniel"]
[Result "1/2-1/2"]
[Termination "normal"]
[Board "4.1"]
[WhiteElo "1973"]
[BlackElo "2118"]
[WhiteTeam "SC Tamm 74"]
[BlackTeam "Brackweder SK von 1924"]
[PlyCount "91"]
[WhiteFideId "24621030"]
[BlackFideId "24623172"]
[EventCountry "GER"]
[EventRounds "7"]
[EventType "team-swiss"]
[EventDate "2009.12.26"]

1. e4 e6 2. d4 d5 3. Nd2 Nf6 4. e5 Nfd7 5. Bd3 c5 6. c3 Nc6 7. Ne2 Qb6 8. Nf3
cxd4 9. cxd4 f6 10. exf6 Nxf6 11. O-O Bd6 12. Nc3 O-O 13. Re1 Bd7 14. a3 Rac8
15. Be3 Be8 16. Ne5 Bxe5 17. dxe5 Qxb2 18. Bc5 Bh5 19. f3 Qxc3 20. Rc1 Qa5 21.
Bxf8 Rxf8 22. exf6 Rxf6 23. Qb3 Qc7 24. Rb1 b6 25. Rbc1 Qd6 26. Qc3 e5 27. Bb5
Nd4 28. a4 h6 29. Qc7 Bxf3 30. Qxd6 Rxd6 31. Rxe5 Be4 32. Rc7 Rg6 33. Re8+ Kh7
34. g3 Nf3+ 35. Kf2 Nxh2 36. Be2 a5 37. Rf8 Ng4+ 38. Bxg4 Rxg4 39. Rc6 Bd3 40.
Rf4 Rg6 41. Rc8 Bc4 42. Rff8 Re6 43. Rc7 Bb3 44. Rff7 Rg6 45. Rf4 Re6 46. Rff7
1/2-1/2

[Event "DVM U20 2009"]
[Site "Chemnitz GER"]
[Date "2009.12.29"]
[Round "6"]
[White "Fox, Jonas"]
[Black "Schäfer, Alexander"]
[Result "1-0"]
[Termination "normal"]
[Board "4.2"]
[WhiteElo "2031"]
[BlackElo "2073"]
[WhiteTeam "Brackweder SK von 1924"]
[BlackTeam "SC Tamm 74"]
[PlyCount "83"]
[WhiteFideId "24667056"]
[BlackFideId "24615196"]
[EventCountry "GER"]
[EventRounds "7"]
[EventType "team-swiss"]
[EventDate "2009.12.26"]

1. e4 c5 2. Nf3 Nc6 3. d4 cxd4 4. Nxd4 Nf6 5. Nc3 d6 6. Bc4 e6 7. Be3 a6 8. Bb3
Bd7 9. Qe2 b5 10. a3 Qa5 11. O-O Be7 12. f4 Qc7 13. Kh1 O-O 14. Rae1 Rab8 15.
Bg1 b4 16. axb4 Rxb4 17. Qd2 Rb7 18. f5 Nxd4 19. Bxd4 e5 20. Bg1 Bc6 21. Rf3
Rd8 22. Rg3 Nh5 23. Rg4 Nf6 24. Rg3 Nh5 25. Rf3 Nf6 26. g4 Nxg4 27. Rg3 h5 28.
Rf1 Kf8 29. h3 Nf6 30. Qg5 Rxb3 31. Qxg7+ Ke8 32. cxb3 Nxe4 33. Nxe4 Bxe4+ 34.
Kh2 Bh4 35. Rc3 Qb8 36. Qh8+ Ke7 37. Qxh5 Rh8 38. Qg4 d5 39. Rfc1 Bf6 40. Rc7+
Kd8 41. R7c6 Ke7 42. Bb6 1-0

[Event "DVM U20 2009"]
[Site "Chemnitz GER"]
[Date "2009.12.29"]
[Round "6"]
[White "Kaiser, Sören"]
[Black "Spisla, Dominik"]
[Result "0-1"]
[Termination "normal"]
[Board "4.5"]
[WhiteElo "1804"]
[BlackElo "1807"]
[WhiteTeam "SC Tamm 74"]
[BlackTeam "Brackweder SK von 1924"]
[PlyCount "80"]
[WhiteFideId "24669628"]
[BlackFideId "24676306"]
[EventCountry "GER"]
[EventRounds "7"]
[EventType "team-swiss"]
[EventDate "2009.12.26"]

1. e4 c5 2. Nf3 d6 3. d4 cxd4 4. Nxd4 Nf6 5. Nc3 a6 6. Bg5 e6 7. Qd2 Be7 8.
O-O-O b5 9. a3 Bb7 10. f3 Nbd7 11. h4 Rc8 12. g4 Ne5 13. Be2 Nc4 14. Bxc4 Rxc4
15. h5 d5 16. e5 Nd7 17. Bxe7 Qxe7 18. f4 b4 19. axb4 Qxb4 20. f5 Nc5 21. fxe6
Nxe6 22. Nf5 O-O 23. Nxd5 Qxd2+ 24. Rxd2 Rd8 25. Nde7+ Kf8 26. Rxd8+ Nxd8 27.
Rd1 Ne6 28. Rd7 Rc7 29. Rd6 Rxe7 30. Nxe7 Kxe7 31. Rb6 Bc8 32. b4 Nd4 33. h6 g6
34. Rf6 Be6 35. Rf1 Nc6 36. Rd1 Nxe5 37. c3 Nxg4 38. Rh1 f5 39. Kd2 Kf6 40. Rg1
Bc4 0-1

[Event "DVM U20 2009"]
[Site "Chemnitz GER"]
[Date "2009.12.29"]
[Round "6"]
[White "Olyschläger, Richard"]
[Black "Döring, Stefan"]
[Result "1/2-1/2"]
[Termination "normal"]
[Board "4.6"]
[WhiteElo "1942"]
[BlackElo "1552"]
[WhiteTeam "Brackweder SK von 1924"]
[BlackTeam "SC Tamm 74"]
[PlyCount "97"]
[WhiteFideId "24630209"]
[BlackFideId "1272047"]
[EventCountry "GER"]
[EventRounds "7"]
[EventType "team-swiss"]
[EventDate "2009.12.26"]

1. Nf3 e6 2. d3 d5 3. Nbd2 Nf6 4. e4 c5 5. g3 Be7 6. Bg2 Nc6 7. O-O O-O 8. e5
Nd7 9. Re1 Qc7 10. Qe2 f6 11. exf6 Nxf6 12. c3 Bd6 13. d4 Re8 14. dxc5 Bxc5 15.
Nb3 Bd6 16. Nbd4 a6 17. Nxc6 bxc6 18. Ne5 Nd7 19. f4 Nxe5 20. fxe5 Bc5+ 21. Kh1
Bd7 22. Bf4 Rf8 23. c4 Rad8 24. cxd5 cxd5 25. Qxa6 Ra8 26. Qd3 Qb6 27. Reb1 Be8
28. Qb3 Qxb3 29. axb3 Rb8 30. Bh3 Bf7 31. Ra6 Rfe8 32. Rc1 Rb6 33. Rxb6 Bxb6
34. Kg2 Bd4 35. Rc6 Bxb2 36. b4 Bd4 37. b5 Kf8 38. b6 Rb8 39. Bxe6 Bxe6 40.
Rxe6 Rxb6 41. Rxb6 Bxb6 42. Bc1 Ke7 43. Bb2 Ke6 44. Kf3 Bc7 45. Kf4 Bb8 46. Bc3
Bc7 47. Bb2 Bb8 48. Bc3 Bc7 49. Bb2 1/2-1/2